[Event "CZE-chT 2122"]
[Site "Czech Republic"]
[Date "2022.04.10"]
[Round "15.6"]
[White "Shengelia, Davit"]
[Black "Cernousek, Lukas"]
[Result "1-0"]
[WhiteElo "2519"]
[BlackElo "2459"]
[PlyCount "97"]
[EventDate "2021.10.15"]
[EventType "team-tourn"]
[EventRounds "15"]
[EventCountry "CZE"]
[SourceTitle "EXT 2023"]
[Source "ChessBase"]
[SourceDate "2022.10.05"]
[SourceVersion "1"]
[SourceVersionDate "2022.10.05"]
[SourceQuality "1"]
[WhiteTeam "Brno Duras"]
[BlackTeam "Unichess"]
[WhiteTeamCountry "CZE"]
[BlackTeamCountry "CZE"]

1. d4 Nf6 2. c4 e6 3. Nc3 Bb4 4. e3 0-0 5. Nf3 c5 6. Bd3 d5 7. cxd5 cxd4 8. exd4 exd5 9. 0-0 Nc6 10. h3 h6 11. Bf4 Bd6 12. Be5 Bxe5 13. dxe5 Nd7 14. Re1 Re8 15. Bb5 Ndxe5 16. Nxe5 Rxe5 17. Rxe5 Nxe5 18. Qxd5 Qxd5 19. Nxd5 Bd7 20. Bxd7 Nxd7 21. Rc1 Nb6 22. Ne7+ Kf8 23. Rc7 Rb8 24. f4 Na8 25. Rc8+ Rxc8 26. Nxc8 a6 27. Kf2 b6 28. Ke3 Ke8 29. Nd6+ Ke7 30. Nf5+ Kf6 31. Ke4 h5 32. Ne3 Nc7 33. g4 hxg4 34. hxg4 Ke6 35. Nc4 b5 36. f5+ Kf6 37. Nd6 g6 38. Kd4 gxf5 39. gxf5 a5 40. Kc5 Na6+ 41. Kxb5 Nb4 42. a4 Nd3 43. b3 Nc1 44. Kc4 Na2 45. Nb7 Kxf5 46. Nxa5 Ke6 47. Nb7 f5 48. Nc5+ Kd6 49. Nd3 1-0